عرض عادي
عرض مارك
- الفلسفة اليونانية قبل السقراطية
دخول Topical Term
001 - CONTROL NUMBER
- control field: 28736
003 - CONTROL NUMBER IDENTIFIER
- control field: AE-AdECS
005 - DATE AND TIME OF LATEST TRANSACTION
- control field: 20260417095754.0
008 - FIXED-LENGTH DATA ELEMENTS
- fixed length control field: 260417|| aca||aabn | a|a d
040 ## - CATALOGING SOURCE
- Original cataloging agency: AE-AdECS
- Transcribing agency: AE-AdECS
150 ## - HEADING--TOPICAL TERM
- Topical term or geographic name entry element: الفلسفة اليونانية قبل السقراطية
670 ## - SOURCE DATA FOUND
- Source citation: Work cat.: (AE-AdECS)294734: النشار، مصطفى، مؤلف. 28160, من الإبستمولوجيا إلى الفانتازيا :
